000 01021nam a2200265Ia 4500
003 OSt
005 20221005105825.0
006 a|||||r|||| 00| 0
007 ta
008 221004b |||||||| |||| 00| 0 hin d
020 _a9788126726721 (hbk)
_c400
024 _a20466
037 _bBR8451, 23/03/2015, Rajkamal Prakashan Pvt. Ltd.
_cTextual
040 _aCRL
_cCRL
_bhin
041 _2hin
_ahin
082 _aU8.4g74, 152Q4
100 _aसोडानी, अजय
245 0 _aदर्रा - दर्रा हिमालय
_b साहसिक यायावरी की गाथा
246 _aDarrā - darrā himālaya: sāhasik yāyāvarī kī gāthā
260 _aनई दिल्ली
_bसार्थक भारत
_c2014
300 _a159पृ0
_ccm.
650 _aभारतीय-भूगोल
942 _hU8.4g74, 152Q4
_cTEXL
_2cc
999 _c1017008
_d1017008